| 000 | 01023nam a22002535b 4500 | ||
|---|---|---|---|
| 001 | bimo0000274660 | ||
| 003 | OSt | ||
| 005 | 20140821213004.0 | ||
| 008 | 921216s1992 sp | |||| ||spa | ||
| 020 | _a84-7914-072-0 | ||
| 040 |
_aSpMaBN _bspa _cBMC _erdc |
||
| 082 | _a980.013 | ||
| 245 | 0 | 0 |
_aEspaña y América al encuentro _b: textos y documentos desde los cronistas de Indias a los escritores contemporáneos (1492-1992) _cedición preparada por Mª Enriqueta Soriano P.-Villamil, Pilar Maicas García-Asenjo y Mercedes Gómez del Manzano |
| 260 | 0 |
_aMadrid _bBiblioteca de Autores Cristianos _c1992 |
|
| 300 |
_aXVI, 430 p. _bil. _c20 cm |
||
| 490 |
_aB.A.C. _v522 |
||
| 504 | _aIncluye referencias bibliográficas p. 393-416 | ||
| 651 | 0 | 4 |
_aAmérica española _xDescripción _92870 |
| 651 | 0 | 4 |
_91308 _aAmérica española _xHistoria |
| 700 | 1 |
_aGómez del Manzano, Mercedes _92871 |
|
| 700 | 1 |
_92558 _aSoriano Pérez-Villamil, María Enriqueta |
|
| 700 | 1 |
_92559 _aMaicas García-Asenjo, Pilar |
|
| 942 |
_2ddc _cBK |
||
| 999 |
_c1741 _d1741 |
||